000 00256nam a2200097Ia 4500
001 687314
005 20250826161553.0
008 250824s9999 xx 000 0 und d
245 0 _aDA VİNCİ BİZE DAHİ DEDİ
_cJON SCİESZKA
260 _bGÜNIŞIĞI YAYINLARI
999 _c687314
_d687314